| 000 | 01140cam a22002771 4500 | ||
|---|---|---|---|
| 001 | hew62000003 | ||
| 003 | DLC | ||
| 005 | 20260227111511.0 | ||
| 008 | 770120s1961 xx 000 0 eng c | ||
| 010 | _ahew62000003 | ||
| 035 | _a(OCoLC)2690406 | ||
| 040 |
_aU.S. Dept. of Health, Education and Welfare library _cOKentU _dOCoLC _dDLC |
||
| 042 | _apremarc | ||
| 050 | 0 | 0 |
_aL111 _b.A6 1961, no. 22 |
| 051 |
_aLB1027.5 _b.F8 |
||
| 100 | 1 |
_aFusco, Gene C. _q(Gene Carl), _d1928- |
|
| 245 | 1 | 0 | _aOrganization and administration of pupil personnel service programs in selected school systems. |
| 260 |
_a[Washington] _bU.S. Dept. of Health, Education, and Welfare, Office of Education _c[1961] |
||
| 300 |
_avi, 67 p. _bdiagrs. _c23 cm. |
||
| 410 | 1 | 0 |
_aUnited States. _bOffice of Education. _tBulletin, 1961, _vno. 22 |
| 500 | _a"OE-23014." | ||
| 500 | _aCopies 1 and 3 of L111.A6 bound with: Bulletin / United States. Office of Education, 1961, no. 23-1961, no. 29, subsequent to publication. | ||
| 504 | _aBibliographical footnotes. | ||
| 650 | 0 |
_aEducational counseling _xAdministration. |
|
| 740 | 0 | _aPupil personnel service programs. | |
| 999 |
_c34339 _d34339 |
||